[Event "2nd UNAM Open Section I 2012"]
[Site "Mexico City MEX"]
[Date "2012.11.23"]
[Round "4.4"]
[White "Gonzalez Zamora, Juan Carlos"]
[Black "Otero Acosta, Diasmany"]
[Result "1/2-1/2"]
[WhiteTitle "GM"]
[BlackTitle "IM"]
[WhiteElo "2542"]
[BlackElo "2443"]
[WhiteFideId "3507548"]
[BlackFideId "3503186"]
[EventDate "2012.11.21"]

1. c4 e5 2. g3 Nc6 3. Bg2 Bc5 4. Nc3 d6 5. a3 a6 6. e3 Ba7 7. Nge2 Be6 8. Nd5
Qd7 9. b4 Nd8 10. d3 c6 11. Ndc3 Nf6 12. h3 O-O 13. Bb2 Rc8 14. Qd2 Ne8 15. f4
f6 16. g4 b5 17. cxb5 axb5 18. O-O d5 19. Nd1 Bb8 20. Nf2 Nb7 21. Bc3 c5 22.
bxc5 Nxc5 23. Rab1 Na4 24. Bb4 Bd6 25. Rfc1 Bxb4 26. axb4 Nc7 27. Nd1 Na6 28.
Ndc3 Nxc3 29. Rxc3 Rxc3 30. Qxc3 Rc8 31. Qb2 Qd6 32. g5 Qb6 33. Qd2 exf4 34.
Nxf4 fxg5 35. Ne2 Qd6 36. Nd4 Bd7 37. Qa2 Nc7 38. Rc1 Rf8 39. Qe2 Ne6 40. Qe1
Nxd4 41. exd4 Re8 42. Qf2 Qxb4 43. Bxd5+ Kh8 44. Be4 Rf8 45. Qe3 Qd6 46. Qxg5
Qxd4+ 47. Kh1 Qf6 48. Qxf6 Rxf6 49. Rc7 Rd6 50. Kh2 g6 51. Kg3 Kg7 52. Bc6 Rxc6
53. Rxd7+ Kf6 54. Rb7 Rc5 55. Rxh7 Ke5 56. Rg7 Kd4 57. Rxg6 b4 58. Rb6 Kc3 59.
h4 b3 60. Kg4 Rd5 61. Rxb3+ Kxb3 62. h5 Kc3 63. h6 Rd7 64. Kf5 Kd4 65. Kg6 Ke5
66. h7 Rd8 67. Kg7 Rd7+ 68. Kg6 Rxh7 69. Kxh7 Kd4 70. Kg6 1/2-1/2

[Event "2nd UNAM Open Section I 2012"]
[Site "Mexico City MEX"]
[Date "2012.11.23"]
[Round "4.5"]
[White "Alvarez Pedraza, Aramis"]
[Black "Guerra Mojena, Leandro"]
[Result "1/2-1/2"]
[WhiteTitle "GM"]
[BlackTitle "FM"]
[WhiteElo "2525"]
[BlackElo "2382"]
[WhiteFideId "3507408"]
[BlackFideId "3513602"]
[EventDate "2012.11.21"]

1. d4 d5 2. c4 c6 3. Nf3 Nf6 4. e3 a6 5. Nc3 b5 6. c5 Bg4 7. h3 Bxf3 8. gxf3
Nbd7 9. f4 g6 10. Bd3 e6 11. Qf3 Be7 12. Bd2 Qc7 13. a3 Nh5 14. e4 dxe4 15. Bxe4
Rc8 16. O-O-O Ndf6 17. Bc2 Rd8 18. Be3 O-O 19. Rhg1 Kh8 20. Kb1 Rfe8 21. Ne4 Ng7
22. Ng5 Bf8 23. h4 Nfh5 24. Rg2 Qd7 25. Rdg1 f5 26. Nxh7 Kxh7 27. Rxg6 Qd5 28.
Qd1 Be7 29. Qxh5+ Nxh5 30. R1g2 Bf8 1/2-1/2

[Event "2nd UNAM Open Section I 2012"]
[Site "Mexico City MEX"]
[Date "2012.11.23"]
[Round "4.6"]
[White "Macieja, Bartlomiej"]
[Black "Fernandez, Daniel"]
[Result "1-0"]
[WhiteTitle "GM"]
[BlackTitle "IM"]
[WhiteElo "2609"]
[BlackElo "2395"]
[WhiteFideId "1104306"]
[BlackFideId "2015390"]
[EventDate "2012.11.21"]

1. e4 c5 2. Nf3 e6 3. d4 cxd4 4. Nxd4 Nf6 5. Nc3 d6 6. g4 h6 7. h4 Nc6 8. Rg1 d5
9. exd5 Nxd5 10. Nxd5 exd5 11. Be3 Be7 12. Qd2 O-O 13. O-O-O Ne5 14. g5 h5 15.
f4 Ng4 16. f5 Re8 17. Bd3 Bc5 18. Bf2 Qb6 19. c3 a5 20. Rge1 Bd7 21. Rxe8+ Rxe8
22. Re1 Rc8 23. Kb1 Qd6 24. Bg1 Qg3 25. Ne2 Qxh4 26. Bxc5 Rxc5 27. Nd4 Nf2 28.
Re7 Nxd3 29. Qxd3 Rc7 30. Qe3 Qg4 31. Kc1 Ba4 32. b3 Rxe7 33. Qxe7 Bc6 34. g6
fxg6 35. Ne6 gxf5 36. Ng5 Qf4+ 37. Kb1 Bd7 1-0

[Event "2nd UNAM Open Section I 2012"]
[Site "Mexico City MEX"]
[Date "2012.11.23"]
[Round "4.9"]
[White "Martinez Duany, Lelys Stanley"]
[Black "Andrenko, Irina"]
[Result "1-0"]
[WhiteTitle "GM"]
[BlackTitle "WIM"]
[WhiteElo "2463"]
[BlackElo "2233"]
[WhiteFideId "3504727"]
[BlackFideId "14118270"]
[EventDate "2012.11.21"]

1. e4 c5 2. Nf3 e6 3. d3 Nc6 4. g3 d5 5. Nbd2 Nf6 6. Bg2 dxe4 7. dxe4 e5 8. O-O
Be7 9. Nc4 Qc7 10. c3 Be6 11. Qe2 h6 12. Nh4 O-O 13. Ne3 Rfd8 14. Nhf5 Bf8 15.
Qf3 Be7 16. g4 Rd7 17. h4 Rad8 18. g5 hxg5 19. hxg5 Nh7 20. Nd5 Bxd5 21. exd5
Rxd5 22. Qg4 R5d7 23. Nh6+ gxh6 24. gxh6+ Kf8 25. Qg7+ Ke8 26. Qxh7 Bf6 27. Bg5
Rd6 28. Rad1 Ke7 29. Qg7 Bxg5 30. Qxg5+ Rf6 31. Rxd8 Qxd8 32. h7 Ke6 33. Qg4+
Ke7 34. Rd1 Nd4 35. cxd4 cxd4 36. Qg8 Rh6 37. Qg5+ 1-0

[Event "2nd UNAM Open Section I 2012"]
[Site "Mexico City MEX"]
[Date "2012.11.24"]
[Round "5.3"]
[White "Cordova, Emilio"]
[Black "Martinez Duany, Lelys Stanley"]
[Result "1/2-1/2"]
[WhiteTitle "GM"]
[BlackTitle "GM"]
[WhiteElo "2568"]
[BlackElo "2463"]
[WhiteFideId "3801497"]
[BlackFideId "3504727"]
[EventDate "2012.11.21"]

1. d4 g6 2. Nf3 Bg7 3. g3 Nf6 4. Bg2 O-O 5. O-O d6 6. c4 Nbd7 7. Nc3 e5 8. e4
Re8 9. h3 c6 10. Be3 exd4 11. Nxd4 Nc5 12. Qc2 Nfd7 13. Rad1 a5 14. b3 Qb6 15.
Rb1 Qd8 16. a3 h5 17. Rfd1 Qe7 18. b4 axb4 19. axb4 Ne6 20. Nxe6 Qxe6 21. Ne2
Nf6 22. Rd4 Nd7 23. Rd2 Ne5 24. Rc1 Ra3 25. Nf4 Qe7 26. Qd1 Bf8 27. Nd3 Be6 28.
Nxe5 dxe5 29. Rb1 Qd8 30. Qc2 Bc8 1/2-1/2

[Event "2nd UNAM Open Section I 2012"]
[Site "Mexico City MEX"]
[Date "2012.11.24"]
[Round "5.5"]
[White "Capo Vidal, Uriel"]
[Black "Alvarez Pedraza, Aramis"]
[Result "0-1"]
[WhiteTitle "IM"]
[BlackTitle "GM"]
[WhiteElo "2319"]
[BlackElo "2525"]
[WhiteFideId "5105382"]
[BlackFideId "3507408"]
[EventDate "2012.11.21"]

1. d4 Nf6 2. Nf3 e6 3. Bf4 b6 4. e3 Bb7 5. Bd3 g6 6. O-O Bg7 7. Nbd2 O-O 8. h3
d6 9. e4 Nc6 10. c3 e5 11. Bh2 exd4 12. cxd4 Nd7 13. Qa4 Nxd4 14. Nxd4 Nc5 15.
Qc4 d5 16. exd5 Bxd5 17. Qc3 Bb7 18. Bc2 Bxd4 19. Qg3 Qd5 20. Nf3 Bxb2 21. Rad1
Qxa2 22. Ng5 Qc4 23. Bb1 Bf6 24. Nf3 Rfe8 25. Nd2 Bg7 26. Rc1 Nd7 27. Rfe1 Rf8
28. Rf1 Rac8 29. Nf3 Ba6 30. Bd3 Nc5 31. Ra1 Ra8 32. Nd2 Bb7 33. Bc2 Qg4 34.
hxg4 0-1

[Event "2nd UNAM Open Section I 2012"]
[Site "Mexico City MEX"]
[Date "2012.11.23"]
[Round "5.7"]
[White "Otero Acosta, Diasmany"]
[Black "De La Paz Perdomo, Frank"]
[Result "1/2-1/2"]
[WhiteTitle "IM"]
[BlackTitle "GM"]
[WhiteElo "2443"]
[BlackElo "2436"]
[WhiteFideId "3503186"]
[BlackFideId "3501833"]
[EventDate "2012.11.21"]

1. d4 Nf6 2. c4 g6 3. Nc3 Bg7 4. e4 d6 5. Nf3 O-O 6. h3 Na6 7. Bg5 Qe8 8. Be2 e5
9. d5 Nh5 10. g3 f5 11. exf5 gxf5 12. Nh4 Nf6 13. g4 f4 14. Nf5 Bxf5 15. gxf5
Nc5 16. Qc2 1/2-1/2

[Event "2nd UNAM Open Section I 2012"]
[Site "Mexico City MEX"]
[Date "2012.11.23"]
[Round "5.9"]
[White "Dobrov, Vladimir"]
[Black "Blanco Fernandez, Alvaro"]
[Result "1-0"]
[WhiteTitle "GM"]
[BlackTitle "IM"]
[WhiteElo "2496"]
[BlackElo "2300"]
[WhiteFideId "4136594"]
[BlackFideId "3501566"]
[EventDate "2012.11.21"]

1. d4 Nf6 2. c4 e6 3. Nf3 Bb4+ 4. Nbd2 d5 5. Qa4+ Nc6 6. a3 Be7 7. e3 O-O 8. Bd3
a6 9. O-O Bd7 10. Qc2 Be8 11. b3 Rc8 12. Bb2 g6 13. Rad1 Nb8 14. e4 dxe4 15.
Nxe4 Nxe4 16. Bxe4 c6 17. Qe2 Nd7 18. d5 cxd5 19. cxd5 Qb6 20. dxe6 fxe6 21. Nd4
Nc5 22. Nxe6 Nxe6 23. Bd5 Bd7 24. Bc4 Rxc4 25. Rxd7 Qc6 26. Rxe7 Re4 27. Qd3 Rd8
28. Rg7+ Nxg7 29. Qxd8+ Qe8 30. Qf6 Qe7 31. Qc3 Re6 32. h3 g5 33. Rd1 h5 34.
Rd8+ Qxd8 1-0

[Event "2nd UNAM Open Section I 2012"]
[Site "Mexico City MEX"]
[Date "2012.11.24"]
[Round "5.10"]
[White "Ibarra Chami, Luis Fernando"]
[Black "Garmendez Gonzalez, Florentino"]
[Result "1-0"]
[WhiteTitle "IM"]
[BlackTitle "IM"]
[WhiteElo "2473"]
[BlackElo "2293"]
[WhiteFideId "5105048"]
[BlackFideId "5100330"]
[EventDate "2012.11.21"]

1. c4 g6 2. Nc3 Bg7 3. g3 e5 4. Bg2 Ne7 5. d3 c5 6. e3 Nbc6 7. Nge2 d6 8. a3 a5
9. Rb1 Bg4 10. h3 Be6 11. Nd5 Bxd5 12. cxd5 Nb8 13. d4 b6 14. dxe5 Bxe5 15. b4
axb4 16. axb4 Nd7 17. O-O O-O 18. Qd3 Qc7 19. Nc3 c4 20. Qc2 Rac8 21. Nb5 Qb8
22. Rd1 Bg7 23. Bf1 h5 24. h4 Rfe8 25. e4 Ne5 26. Bh3 Rcd8 27. Bf4 Kh7 28. Bxe5
Bxe5 29. Qxc4 f5 30. exf5 Nxf5 31. Qc7+ Qxc7 32. Nxc7 Re7 33. Nb5 Nxg3 34. fxg3
Bxg3 35. Rd4 Re3 36. Bg2 Ra8 37. Re4 Rd3 38. Nd4 Ra2 39. Nf3 Rc3 40. Rf1 Rcc2
41. Bh3 Kh6 42. Re7 Rcb2 43. Re4 Rc2 44. Re6 Kg7 45. Kh1 Rf2 46. Rxf2 Rxf2 47.
Re3 Rb2 48. Re4 Rf2 49. Ng5 Kh6 50. Kg1 Rd2 51. Be6 Kg7 52. Rc4 Kh6 53. Rc7 Rd1+
54. Kg2 Bxh4 55. Nf7+ Kg7 56. Nxd6+ Kf6 57. Rf7+ Ke5 58. Nc4+ Ke4 59. Nxb6 Rd2+
60. Kg1 Bg3 61. Nd7 Bf4 62. b5 Kf3 63. Ne5+ Kg3 64. Rxf4 Kxf4 65. Nxg6+ Kg3 66.
Kf1 h4 67. Ne7 Kf3 68. Kg1 Rb2 69. d6 Rxb5 70. d7 Rb8 71. Nc8 Rb1+ 72. Kh2 Rd1
73. Ne7 Rd6 74. Nc6 Kf4 75. d8=Q Rxd8 76. Nxd8 Ke5 77. Bh3 Kf4 78. Kg2 Ke3 79.
Nf7 Ke2 80. Ne5 Kd2 81. Kf3 Kc3 82. Ke3 Kb2 83. Kd3 Ka1 84. Kc3 Kb1 85. Nd3 Ka1
86. Nb4 Kb1 87. Bf5+ Ka1 88. Kb3 h3 89. Bxh3 Kb1 90. Nc2 Kc1 91. Kc3 Kb1 92. Be6
Kc1 93. Ba2 Kd1 94. Nd4 Kc1 95. Ne2+ Kd1 96. Kd3 Ke1 97. Ke3 Kf1 98. Nf4 Kg1 99.
Kf3 Kh2 100. Kf2 Kh1 101. Be6 Kh2 102. Ne2 Kh1 103. Ke1 1-0

[Event "2nd UNAM Open Section I 2012"]
[Site "Mexico City MEX"]
[Date "2012.11.23"]
[Round "5.12"]
[White "Martin Del Campo C., Roberto"]
[Black "Gongora Montes, Benjamin"]
[Result "1-0"]
[WhiteTitle "IM"]
[BlackTitle "IM"]
[WhiteElo "2421"]
[BlackElo "2253"]
[WhiteFideId "5100046"]
[BlackFideId "5102987"]
[EventDate "2012.11.21"]

1. e4 c5 2. Nf3 d6 3. d4 cxd4 4. Nxd4 Nf6 5. Nc3 e6 6. f4 a6 7. Qf3 Qc7 8. Bd3
Nc6 9. Be3 Be7 10. O-O-O Nxd4 11. Bxd4 e5 12. fxe5 dxe5 13. Qg3 Ng4 14. Nd5 Qd6
15. Bc3 O-O 16. h3 Bg5+ 17. Kb1 Bf4 18. Qf3 Nh6 19. Bb4 Qd8 20. Be7 Qa5 21. g3 1-0

[Event "2nd UNAM Open Section I 2012"]
[Site "Mexico City MEX"]
[Date "2012.11.24"]
[Round "6.1"]
[White "Macieja, Bartlomiej"]
[Black "Alvarez Pedraza, Aramis"]
[Result "1-0"]
[WhiteTitle "GM"]
[BlackTitle "GM"]
[WhiteElo "2609"]
[BlackElo "2525"]
[WhiteFideId "1104306"]
[BlackFideId "3507408"]
[EventDate "2012.11.21"]

1. e4 e6 2. d4 d5 3. Nc3 dxe4 4. Nxe4 Nd7 5. Nf3 Ngf6 6. Nxf6+ Nxf6 7. c3 Be7 8.
Bd3 O-O 9. Qe2 b6 10. Bf4 Bb7 11. O-O-O Bxf3 12. Qxf3 Qd5 13. Qxd5 Nxd5 14. Bd2
c5 15. dxc5 Bxc5 16. Rhf1 Rfd8 17. Ba6 Kf8 18. Kc2 Ke7 19. b4 Bd6 20. Rfe1 Rab8
21. Bg5+ Nf6 22. h3 h6 23. Bc1 Ne8 24. Kb3 Nc7 25. Be2 e5 26. Rd3 Ne6 27. g3 Bc7
28. Red1 f5 29. Rxd8 Bxd8 30. Bb5 a5 31. Rd7+ Kf6 32. a3 axb4 33. axb4 Be7 34.
h4 g5 35. h5 Ng7 36. Be2 Ke6 37. Ra7 g4 38. Bc4+ Kf6 39. Rc7 Rd8 40. Rb7 Rd6 41.
Bxh6 Nxh5 42. Be3 Bd8 43. Rh7 f4 44. Rxh5 fxe3 45. fxe3 Rd1 46. Rh8 Bc7 47. Rc8
Rd7 48. e4 Bd8 1-0

[Event "2nd UNAM Open Section I 2012"]
[Site "Mexico City MEX"]
[Date "2012.11.24"]
[Round "6.4"]
[White "De La Paz Perdomo, Frank"]
[Black "Quesada Perez, Yuniesky"]
[Result "1-0"]
[WhiteTitle "GM"]
[BlackTitle "GM"]
[WhiteElo "2436"]
[BlackElo "2604"]
[WhiteFideId "3501833"]
[BlackFideId "3504409"]
[EventDate "2012.11.21"]

1. e4 c5 2. Nf3 d6 3. d4 cxd4 4. Nxd4 Nf6 5. Nc3 a6 6. Be3 e5 7. Nb3 Be6 8. h3
Nbd7 9. g4 Rc8 10. Qd2 b5 11. O-O-O Nb6 12. g5 Nfd7 13. Kb1 Be7 14. f4 exf4 15.
Bxf4 Ne5 16. Bxe5 dxe5 17. Qf2 Qc7 18. Nd5 Bxd5 19. exd5 O-O 20. Bd3 Nc4 21. c3
a5 22. Qh4 g6 23. Bxc4 bxc4 24. Nd2 f5 25. gxf6 Rxf6 26. Qg4 Rb6 27. Ka1 Kh8 28.
Rhf1 h5 29. Qe4 a4 30. Rf7 Kg8 31. Rdf1 a3 32. d6 Qxd6 33. Nxc4 Qc6 34. Qxe5 Bf6
35. R1xf6 Qxc4 36. Rg7+ Kxg7 37. Rc6+ Kf8 38. Rxc8+ 1-0

[Event "2nd UNAM Open Section I 2012"]
[Site "Mexico City MEX"]
[Date "2012.11.24"]
[Round "6.5"]
[White "Ortiz Suarez, Isan Reynaldo"]
[Black "Otero Acosta, Diasmany"]
[Result "1-0"]
[WhiteTitle "GM"]
[BlackTitle "IM"]
[WhiteElo "2595"]
[BlackElo "2443"]
[WhiteFideId "3507165"]
[BlackFideId "3503186"]
[EventDate "2012.11.21"]

1. d4 d5 2. c4 c6 3. Nc3 Nf6 4. e3 g6 5. Nf3 Bg7 6. Be2 O-O 7. O-O dxc4 8. Bxc4
Bg4 9. h3 Bxf3 10. Qxf3 Nbd7 11. Rd1 e5 12. d5 e4 13. Nxe4 Nxe4 14. Qxe4 Nf6 15.
Qf3 cxd5 16. Bb3 a5 17. Rb1 a4 18. Bxd5 Nxd5 19. Rxd5 Qc7 20. Qd1 Rfd8 21. e4
Rxd5 22. exd5 Qc4 23. b3 axb3 24. Qxb3 Qxb3 25. Rxb3 Rxa2 26. Bf4 Bd4 27. Bg3 b6
28. Rd3 Bf6 29. Bc7 b5 30. d6 Rc2 31. g3 Rc6 32. Kg2 Kf8 33. Rd5 b4 34. Ba5 Ra6
35. Bxb4 Bd8 36. Re5 Ra7 37. g4 f6 38. Rb5 Ke8 39. Kf3 Kd7 40. Ke4 Ke6 41. f4
Ra2 42. f5+ gxf5+ 43. gxf5+ Kd7 44. Kd5 Ra7 45. Bc5 Ra5 46. Rb7+ Kc8 47. Rxh7
Ra2 48. h4 Re2 49. Kc6 Rc2 50. Rh8 1-0

[Event "2nd UNAM Open Section I 2012"]
[Site "Mexico City MEX"]
[Date "2012.11.24"]
[Round "6.6"]
[White "Maisuradze, Nino"]
[Black "Dobrov, Vladimir"]
[Result "0-1"]
[WhiteTitle "WGM"]
[BlackTitle "GM"]
[WhiteElo "2315"]
[BlackElo "2496"]
[WhiteFideId "13601717"]
[BlackFideId "4136594"]
[EventDate "2012.11.21"]

1. d4 Nf6 2. c4 c6 3. Nc3 d5 4. cxd5 cxd5 5. Bf4 Qb6 6. Qd2 Nc6 7. e3 Bf5 8. Bb5
e6 9. f3 Bb4 10. Nge2 O-O 11. g4 Bg6 12. Bg5 Nd7 13. a3 Bd6 14. Bf4 Be7 15. h4
h6 16. h5 Bh7 17. Rg1 e5 18. Bg3 exd4 19. exd4 f5 20. Bd3 Nxd4 21. Nxd4 Qxd4 22.
O-O-O Nc5 23. Bc2 Qxd2+ 24. Rxd2 fxg4 25. Nxd5 Bg5 26. f4 Bxc2 27. Kxc2 Bd8 28.
Be1 Rc8 29. Kb1 Ne4 30. Rd4 Rf5 31. Rxe4 Rxd5 32. Bc3 Kf7 33. Re5 Rxe5 34. Bxe5
Bf6 35. Rxg4 Rc5 36. Bxf6 gxf6 37. Rh4 a5 38. b3 Ke6 39. b4 axb4 40. axb4 Rc4
41. Ka2 Kf5 42. Kb3 b5 43. Rh1 Kg4 44. f5 Rf4 45. Rg1+ Kxh5 46. Kc3 Rxf5 47. Kd4
Rg5 48. Rc1 Kg6 49. Rc8 h5 50. Rg8+ Kf5 51. Rf8 h4 52. Kc5 Kg4+ 53. Kc6 Rf5 54.
Rg8+ Kf3 55. Rh8 Kg3 56. Rg8+ Kh2 57. Rg7 h3 58. Rg6 Kh1 59. Rh6 h2 60. Rg6 Rg5 0-1

[Event "2nd UNAM Open Section I 2012"]
[Site "Mexico City MEX"]
[Date "2012.11.24"]
[Round "6.7"]
[White "Videnova, Iva"]
[Black "Ibarra Chami, Luis Fernando"]
[Result "1/2-1/2"]
[WhiteTitle "WGM"]
[BlackTitle "IM"]
[WhiteElo "2318"]
[BlackElo "2473"]
[WhiteFideId "2907763"]
[BlackFideId "5105048"]
[EventDate "2012.11.21"]

1. e4 c5 2. Nf3 d6 3. d4 cxd4 4. Nxd4 Nf6 5. Nc3 g6 6. Be3 Bg7 7. f3 O-O 8. Bc4
Nc6 9. Bb3 Bd7 10. h4 h5 11. Qd2 Na5 12. O-O-O Rb8 13. g4 b5 14. Nf5 gxf5 15.
gxf5 Nxb3+ 16. axb3 b4 17. Bh6 Kh7 18. Bxg7 Kxg7 19. Nd5 Rg8 20. Rhg1+ Kh7 21.
Rg5 Rxg5 22. Qxg5 Qf8 23. Nxf6+ exf6 24. Qxh5+ Qh6+ 25. Qxh6+ Kxh6 26. Rxd6 Be8
27. Rxf6+ Kh5 28. Kd2 Kxh4 29. Ra6 Rb7 30. Ke3 Kg5 31. f4+ Kh5 32. Ra1 Kh6 33.
Rg1 Rc7 34. Rg2 Bd7 35. Kd4 a5 36. Ke5 Rc6 37. Rd2 Bc8 38. Rd6+ Rxd6 39. Kxd6
Kh5 40. Kc7 Ba6 41. e5 Bb5 42. Kd8 Bc6 43. Kc7 Be4 44. e6 fxe6 45. fxe6 Kg4 46.
e7 Bg6 47. Kb6 Kxf4 48. Kxa5 Ke5 49. Kxb4 Kd6 50. c4 Kxe7 51. Kc5 Kd7 52. b4 Kc7
53. b5 Bd3 54. b3 Bc2 55. Kb4 Bd1 56. c5 Kb7 57. Kc3 Be2 58. b6 Kc6 59. Kd4 Ba6
60. b4 Bb5 61. Ke5 Ba4 62. Ke6 Bb5 63. Ke7 Kb7 64. Kd6 Bc6 65. Ke5 Ba4 66. Kd5
Bb5 67. Kd4 Kc6 68. Kc3 Be2 69. Kb3 Bb5 70. Ka3 Kb7 71. Kb2 Kc6 72. Kc3 Kb7 1/2-1/2

[Event "2nd UNAM Open Section I 2012"]
[Site "Mexico City MEX"]
[Date "2012.11.24"]
[Round "6.8"]
[White "Martinez Duany, Lelys Stanley"]
[Black "Martin Del Campo C., Roberto"]
[Result "1-0"]
[WhiteTitle "GM"]
[BlackTitle "IM"]
[WhiteElo "2463"]
[BlackElo "2421"]
[WhiteFideId "3504727"]
[BlackFideId "5100046"]
[EventDate "2012.11.21"]

1. e4 c5 2. Nf3 d6 3. c3 Nf6 4. h3 Nc6 5. Bd3 e5 6. O-O Be7 7. Bc2 O-O 8. d4
cxd4 9. cxd4 Nb4 10. Nc3 Nxc2 11. Qxc2 Qc7 12. Bg5 Be6 13. Rfc1 Qa5 14. Qd2 Kh8
15. b4 Qd8 16. d5 Bc8 17. Qe3 Ne8 18. Bxe7 Qxe7 19. Nb5 a6 20. Na7 Nf6 21. a4
Nh5 22. b5 Nf4 23. b6 Qf6 24. Nxc8 Raxc8 25. g3 Nh5 26. Rc7 Rb8 27. Rac1 h6 28.
Rd7 Rfd8 29. Rcc7 Rxd7 30. Rxd7 g5 31. Nd2 Ng7 32. Nc4 Ne8 33. Na5 Qg6 34. Rxb7
Rc8 35. Nc6 Qh5 36. g4 1-0

[Event "2nd UNAM Open Section I 2012"]
[Site "Mexico City MEX"]
[Date "2012.11.24"]
[Round "6.11"]
[White "Perez Rodriguez, Luis Manuel"]
[Black "Gonzalez Arroyo, Lenin"]
[Result "1/2-1/2"]
[WhiteTitle "GM"]
[BlackTitle "FM"]
[WhiteElo "2446"]
[BlackElo "2254"]
[WhiteFideId "3503364"]
[BlackFideId "5105110"]
[EventDate "2012.11.21"]

1. e4 e5 2. Nf3 Nc6 3. Bb5 a6 4. Ba4 Nf6 5. O-O Be7 6. Re1 b5 7. Bb3 O-O 8. c3
d6 9. h3 Na5 10. Bc2 c5 11. d4 Qc7 12. a3 Bd7 13. b4 cxb4 14. axb4 Nc4 15. Nbd2
Nb6 16. Ra3 Rfc8 17. Bb3 1/2-1/2

[Event "2nd UNAM Open Section I 2012"]
[Site "Mexico City MEX"]
[Date "2012.11.24"]
[Round "6.12"]
[White "Perez Garcia, Rodney Oscar"]
[Black "Estrada Nieto, Julian"]
[Result "1/2-1/2"]
[WhiteTitle "IM"]
[BlackTitle "IM"]
[WhiteElo "2399"]
[BlackElo "2295"]
[WhiteFideId "3500918"]
[BlackFideId "5101018"]
[EventDate "2012.11.21"]

1. e4 e5 2. Nf3 Nc6 3. Bc4 Bc5 4. O-O Nf6 5. d3 a6 6. c3 d6 7. Bb3 O-O 8. Nbd2
h6 9. h3 Re8 10. Re1 Be6 1/2-1/2

[Event "2nd UNAM Open Section I 2012"]
[Site "Mexico City MEX"]
[Date "2012.11.25"]
[Round "7.3"]
[White "Dobrov, Vladimir"]
[Black "De La Paz Perdomo, Frank"]
[Result "1-0"]
[WhiteTitle "GM"]
[BlackTitle "GM"]
[WhiteElo "2496"]
[BlackElo "2436"]
[WhiteFideId "4136594"]
[BlackFideId "3501833"]
[EventDate "2012.11.21"]

1. d4 Nf6 2. c4 g6 3. g3 Bg7 4. Bg2 O-O 5. Nc3 d6 6. Nf3 Nc6 7. O-O Bg4 8. d5
Na5 9. Nd2 c5 10. Rb1 Rb8 11. Qc2 a6 12. a3 Qc8 13. b3 b5 14. Bb2 b4 15. axb4
cxb4 16. Nce4 Nb7 17. Nxf6+ exf6 18. Bd4 Bxe2 19. Rfe1 Bg4 20. Qa2 Nc5 21. Re7
Rb7 22. Rxb7 Qxb7 23. h3 Bd7 24. Qa1 Re8 25. Bxf6 Bxf6 26. Qxf6 Qc7 27. g4 a5
28. Qf4 Bc8 29. Ra1 Re2 30. Ne4 Nxb3 31. Rb1 a4 32. Nf6+ Kg7 33. Bf3 Re7 34. g5
Qc5 35. Qh4 h5 36. Bxh5 gxh5 37. Qxh5 1-0

[Event "2nd UNAM Open Section I 2012"]
[Site "Mexico City MEX"]
[Date "2012.11.25"]
[Round "7.4"]
[White "Hambleton, Aman"]
[Black "Martinez Duany, Lelys Stanley"]
[Result "1-0"]
[WhiteTitle "FM"]
[BlackTitle "GM"]
[WhiteElo "2404"]
[BlackElo "2463"]
[WhiteFideId "2606577"]
[BlackFideId "3504727"]
[EventDate "2012.11.21"]

1. d4 Nf6 2. c4 d6 3. Nc3 Nbd7 4. e4 e5 5. Nge2 g6 6. f3 h5 7. Be3 Bh6 8. Bxh6
Rxh6 9. Qd2 Rh8 10. O-O-O Kf8 11. h4 a6 12. Kb1 Qe7 13. Nd5 Qd8 14. g3 c6 15.
Ndc3 Qe7 16. d5 c5 17. Ng1 Qd8 18. Nh3 Qa5 19. Ng5 Rb8 20. f4 b5 21. Rc1 Kg7 22.
Be2 Re8 23. f5 Nb6 24. fxg6 fxg6 25. Rhf1 Rb7 26. Ne6+ Bxe6 27. Rxf6 Bf7 28. Qg5
Nxc4 29. Bxh5 Qb4 30. Rc2 Na3+ 31. Kc1 Nxc2 32. Bxg6 Kf8 33. Qh6+ Ke7 34. Rxf7+
Kd8 35. Rxb7 Ne1 36. Qg7 Nd3+ 37. Kd1 Nxb2+ 38. Ke1 c4 1-0

[Event "2nd UNAM Open Section I 2012"]
[Site "Mexico City MEX"]
[Date "2012.11.25"]
[Round "7.6"]
[White "Alvarez Pedraza, Aramis"]
[Black "Pacheco, Marco"]
[Result "1/2-1/2"]
[WhiteTitle "GM"]
[BlackTitle "FM"]
[WhiteElo "2525"]
[BlackElo "2377"]
[WhiteFideId "3507408"]
[BlackFideId "3800989"]
[EventDate "2012.11.21"]

1. d4 Nf6 2. c4 e6 3. Nc3 Bb4 4. e3 c5 5. Ne2 d5 6. a3 Bxc3+ 7. Nxc3 cxd4 8.
exd4 dxc4 9. Bxc4 Nc6 10. Be3 O-O 11. O-O h6 12. Ba2 Ne7 13. Rc1 Bd7 14. Qf3 Bc6
15. Qh3 Nfd5 16. Bb1 f5 17. Rfe1 Rf6 18. Rcd1 Rg6 19. f3 Nxe3 20. Rxe3 Nd5 21.
Nxd5 Bxd5 22. g3 Rc8 23. Qg2 Qg5 24. Kf2 Rf6 25. Re5 Qh5 26. g4 Qh4+ 27. Qg3
Qxg3+ 28. Kxg3 fxg4 29. f4 g6 30. Kxg4 Kf7 31. h4 Ke7 32. Kg3 Kd6 33. Ba2 Rff8
34. Bc4 Ra8 35. Rf1 Bc6 36. Re4 Bxe4 37. Ba2 Rh8 38. Ra1 1/2-1/2

[Event "2nd UNAM Open Section I 2012"]
[Site "Mexico City MEX"]
[Date "2012.11.25"]
[Round "7.7"]
[White "Ruiz C, Joshua D"]
[Black "Gonzalez Garcia, Jose"]
[Result "0-1"]
[WhiteTitle "IM"]
[BlackTitle "GM"]
[WhiteElo "2332"]
[BlackElo "2497"]
[WhiteFideId "4400704"]
[BlackFideId "5101174"]
[EventDate "2012.11.21"]

1. e4 e6 2. Qe2 e5 3. Nf3 Nc6 4. g3 Nf6 5. Bg2 Bc5 6. O-O d6 7. c3 O-O 8. d3 a5
9. Be3 Ng4 10. h3 Nxe3 11. fxe3 f6 12. Nh4 g6 13. Kh2 Ne7 14. Nd2 Be6 15. Rf2
Kg7 16. b3 c6 17. Rd1 b5 18. Nf1 Bb6 19. d4 Qc7 20. g4 a4 21. b4 Bc4 22. Qb2 a3
23. Qd2 d5 24. Kh1 dxe4 25. Bxe4 Rae8 26. Ng2 Nd5 27. Bd3 Bxd3 28. Qxd3 e4 29.
Qd2 h5 30. gxh5 Rh8 31. Nf4 Nxf4 32. Rxf4 Rxh5 33. Qg2 Qd7 34. Rg4 Rh6 35. Kg1
f5 36. Rf4 Bc7 37. Rf2 Reh8 38. d5 Rxh3 39. Rfd2 R3h4 40. dxc6 Qxc6 41. Rd7+ Kf6
42. Ng3 Rg4 43. Nxe4+ Qxe4 0-1